01397pam a22003374a 4500999001700000001000900017005001700026008004100043010001700084020001500101035002300116042000800139043001200147050002300159100002500182245009000207260004300297300003600340504005100376600006300427600006100490600005700551610003800608610005500646650006400701650005800765650004500823651004900868942001500917952012700932 c19178d191781350035220170114154124.0040224s2005 maua b 001 0 eng  a 2004045468 a0262033240 a(OCoLC)ocm54611220 apcc an-us-ny00aNA6233.N5P363 20051 aClausen, Meredith L.14aThe Pan Am building and the shattering of the modernist dream /cMeredith L. Clausen. aCambridge, Mass. :bMIT Press,cc2005. axviii, 477 p. :bill. ;c24 cm. aIncludes bibliographical references and index.10aGropius, Walter,d1883-1969xCriticism and interpretation.10aBelluschi, Pietro,d1899-xCriticism and interpretation.10aRoth, Richard,d1904-xCriticism and interpretation.20aMetLife Building (New York, N.Y.)20aMetLife Building (New York, N.Y.)xPublic opinion. 0aModern movement (Architecture)zNew York (State)zNew York. 0aArchitecture and societyzNew York (State)zNew York. 0aSkyscraperszNew York (State)zNew York. 0aNew York (N.Y.)xBuildings, structures, etc. 2lcccBOOKS 00102lcc4070aMUCbMUCcTECHd2017-01-14eDonation (BFA)l0oNA 6233 .N5P363 2005p29893r2018-07-19w2017-01-14yBOOKS